Widok standardowy
Widok MARC
Pozycja Corporate Name
Liczba rekordów, w których użyto hasła: 1
001 - Numer kontrolny
- control field: 40364
003 - Identyfikator numeru kontrolnego
- control field: NUKAT
005 - Data i czas ostatniej modyfikacji
- control field: 20260421130824.0
008 - Dane kontrolne kodowane (40 znaków)
- fixed length control field: 991227n||aaznnbabn |a ana |c
010 ## - Numer kontrolny Biblioteki Kongresu
- numer kontrolny LC: s 01303532
040 ## - Instytucja sporządzająca rekord
- inst. przygot. dane do rek. khw: LUBL 58/ES
- język haseł przedmiotowych/tezaurus: kaba
- inst. wprow. rek. khw: LUBL 58
- inst. modyf. rek. khw: WA U/ZM
110 2# - Hasło - nazwa ciała zbiorowego
- nazwa ciała zbior. lub geogr. na pocz.: Unia Europejska
- określnik geograficzny: Europa Wschodnia.